| 000 | 00547nam a22001697a 4500 | ||
|---|---|---|---|
| 005 | 20170504142030.0 | ||
| 010 | _aENG-118051 | ||
| 020 |
_a9789385495007 _c995.00 |
||
| 035 | _aEN-101583 | ||
| 037 | _bDBAD/PUB | ||
| 082 | _a623.45190954 | ||
| 245 |
_aIndian Missiles Amogh Vaan / _cEdited by Harsharan Singh |
||
| 260 |
_aMayur Vihar _bAabha Publishers & Distributors _c2017 |
||
| 270 | _aC-16-T, Delhi Police Apartment, Mayur Vihar-I, New Delhi-110091 | ||
| 300 |
_a262p _c21cm.[pbk] |
||
| 942 |
_2ddc _cEN _h623.45190954 _mSIN |
||
| 999 |
_c139499 _d139499 |
||